000 00292nam a2200133 i 4500
001 bg
100 1 _aTHIELE, A.
245 1 0 _aStahlhochbau.
_nT.2 /
_cA. Thiele.
260 _aStuttgard,
_c1967.
040 _cBPK
041 _apol
942 _cKS
008 s pl f |000 0 pol
999 _c11888
_d11888
856 _uhttp://koha.tu.koszalin.pl/cgi-bin/koha/opac-detail.pl?biblionumber=11888
_yKatalog online BPK